Conocer, aprender y trabajar: el tiempo y el clima
Збережено в:
| Автор: | |
|---|---|
| Формат: | Книга |
| Мова: | Іспанська |
| Опубліковано: |
Barcelona
Ediciones Octaedro S. L
1993
|
| Редагування: | 1a. ed |
| Серія: | Cuadernos Octaedro
|
| Предмети: | |
| Теги: |
Додати тег
Немає тегів, Будьте першим, хто поставить тег для цього запису!
|
MARC
| LEADER | 00000cam a2200000 a 4500 | ||
|---|---|---|---|
| 001 | UCE1512 | ||
| 003 | CL-VaPUC | ||
| 008 | 140502e19930100sp |||||||||||||||||spa|d | ||
| 020 | |a `8480630094 | ||
| 082 | 0 | 4 | |a 551.6 |b PEJ |2 21 |
| 100 | 0 | |a Pejenaute Goñi, Javier María |e author |9 573861 | |
| 245 | 1 | 0 | |a Conocer, aprender y trabajar: el tiempo y el clima |
| 250 | |a 1a. ed | ||
| 300 | |a 107 p | ||
| 942 | |c BK | ||
| 945 | |d 20140502 10:02:00 |a dcastane | ||
| 260 | |a Barcelona |b Ediciones Octaedro S. L |c 1993 | ||
| 650 | 0 | |a Climatología |9 262302 | |
| 650 | 0 | |a Atmósfera |9 261875 | |
| 650 | 7 | |a RADIACION SOLAR |2 CL-VaPUC |9 350685 | |
| 650 | 7 | |a TEMPERATURA |2 CL-VaPUC |9 573862 | |
| 650 | 7 | |a PRESION ATMOSFERICA |2 CL-VaPUC |9 360580 | |
| 650 | 0 | |a Vientos |9 333990 | |
| 583 | |a last modification |c 20140502 10:02:00 |k Rodrigo Vera | ||
| 490 | 0 | |a Cuadernos Octaedro | |
| 999 | |c 355288 |d 355286 | ||
| 952 | |0 0 |1 0 |3 erb |4 0 |6 551_600000000000000_PEJ_1993 |7 0 |8 A |9 461946 |a BIBING |b BIBING |i 5069262 |o 551.6 PEJ 1993 |p 5069262 |r 2025-01-20 |w 2019-11-23 |y BK |z Catalogado en:20140502 |k GEO | ||